Klicke auf den Dreistaatspunkt auf der Karte der USA - Statistiken

Allgemein
  • Dieses Quiz wurde 84 mal gespielt
  • Das Durchschnittsergebnis liegt bei 32 aus 56
Antworten auf der Karte
Die Antworten werden auf der Karte rot bzw. grün angezeigt, abhängig davon wie oft sie richtig erraten wurden.
 
Antwortstatistiken
Antwort % Korrekt
New Mexico - Oklahoma - Texas
76%
Arizona - Kalifornien - Nevada
73%
Arizona - Colorado - New Mexico - Utah
71%
Georgia - North Carolina - South Carolina
68%
Idaho - Oregon - Washington
68%
Alabama - Florida - Georgia
66%
Arkansas - Louisiana - Texas
66%
Colorado - New Mexico - Oklahoma
66%
Idaho - Nevada - Oregon
63%
Indiana - Michigan - Ohio
63%
Arizona - Nevada - Utah
61%
Illinois - Indiana - Kentucky
61%
Kalifornien - Nevada - Oregon
61%
Arkansas - Missouri - Oklahoma
60%
Idaho - Montana - Wyoming
60%
Illinois - Iowa - Wisconsin
60%
Illinois - Kentucky - Missouri
60%
Iowa - Nebraska - South Dakota
60%
Minnesota - North Dakota - South Dakota
60%
Montana - South Dakota - Wyoming
60%
Nebraska - South Dakota - Wyoming
60%
New Jersey - New York - Pennsylvania
60%
Ohio - Pennsylvania - West Virginia
60%
Alabama - Mississippi - Tennessee
58%
Colorado - Utah - Wyoming
58%
Connecticut - Massachusetts - Rhode Island
58%
Indiana - Kentucky - Ohio
58%
Kansas - Missouri - Oklahoma
58%
Alabama - Georgia - Tennessee
56%
Arkansas - Mississippi - Tennessee
56%
Colorado - Kansas - Oklahoma
56%
Idaho - Nevada - Utah
56%
Kentucky - Missouri - Tennessee
56%
Kentucky - Ohio - West Virginia
56%
Kentucky - Tennessee - Virginia
56%
Massachusetts - New Hampshire - Vermont
56%
Arkansas - Louisiana - Mississippi
55%
Arkansas - Oklahoma - Texas
55%
Colorado - Kansas - Nebraska
55%
Delaware - Maryland - Pennsylvania
55%
Idaho - Utah - Wyoming
55%
Illinois - Iowa - Missouri
55%
Iowa - Minnesota - South Dakota
55%
Kentucky - Virginia - West Virginia
55%
Connecticut - Massachusetts - New York
53%
Montana - North Dakota - South Dakota
53%
North Carolina - Tennessee - Virginia
53%
Arkansas - Missouri - Tennessee
52%
Colorado - Nebraska - Wyoming
52%
Maryland - Virginia - West Virginia
52%
Massachusetts - New York - Vermont
52%
Georgia - North Carolina - Tennessee
50%
Iowa - Minnesota - Wisconsin
50%
Kansas - Missouri - Nebraska
48%
Iowa - Missouri - Nebraska
47%
Maryland - Pennsylvania - West Virginia
47%
Keine übereinstimmenden Quizze gefunden
Verteilung der Resultate
Anzahl Personen mit jedem Resultat
Perzentil nach korrekt beantworteten Fragen
Ihre Resultats-Entwicklung
Sie haben dieses Quiz noch nicht gespielt